| 000 | 00676nam a22002052 4500 | ||
|---|---|---|---|
| 001 | 0000024289 | ||
| 005 | 20151217155915.0 | ||
| 008 | 130625s xx 000 0 eng d | ||
| 040 |
_aKABU _cKABU |
||
| 245 | 1 | 0 |
_aEnhancing the competitiveness of Kenya's manufacturing sector : _bthe role of the investment climate. |
| 250 | _a1st ed. | ||
| 260 |
_aNairobi : _bKIPPRA, _c2004. |
||
| 300 | _axiii, 91 p. | ||
| 650 | 0 |
_aInvestments, Foreign _zKenya. _@0000160743 |
|
| 650 | 0 |
_aIndustrial policy _zKenya. _@0000150203 |
|
| 651 | 0 |
_aKenya _xEconomic conditions. _@0000148722 |
|
| 908 | _a130625 | ||
| 950 | _@1 | ||
| 999 |
_c13919 _d13919 |
||